000 01297pab a2200157 454500
008 180718b2015 xxu||||| |||| 00| 0 eng d
100 _aBel, Germa
245 _aInter- municipal cooperation and costs: expectations and evidence
260 _c2015
300 _ap.52-67.
520 _aAusterity and fiscal crisis make the search for cost-saving reforms in local government more critical. While cost savings from privatization have frequently proven ephemeral, inter-municipal cooperation has been a relatively understudied reform. We analyse the literature on cost savings under cooperation and find that savings are dependent on (1) the cost structure of public services, particularly those related to scale and density economies and externalities, (2) the structure of local government (size, metropolitan location, powers granted by the nation or regional state), and (3) the governance framework at the local/regional level where cooperation varies from informal to formal. European studies give more emphasis to cost savings, while US studies focus on coordination concerns arising from the higher degree of devolution in the US local government system. - Reproduced.
650 _aLocal government
700 _aWarner, Mildred E.
773 _aPublic Administration
909 _a108521
999 _c108516
_d108516